The value of internet openness in times of crisis

Detalles Bibliográficos
Formato: eBook
Lenguaje:inglés
Publicado: Rio de Janeiro: FGV - Direito Rio, 2020
Materias:
Acceso en línea:Acceso restringido

MARC

LEADER 00000nam a22000007a 4500
005 2021041400090.0
007 cr|||| ||||
008 210414s2020 br |||||s|||| 00||0 eng d
020 |a 978-65-86060-11-9 
035 |a 32809 
040 |a vLex 
090 |c 11461  |d 11461 
245 0 0 |a The value of internet openness in times of crisis  |h [Recurso electrn̤ico] / 
256 |a Servicio en ln̕ea 
260 |a Rio de Janeiro:  |b FGV - Direito Rio,  |c 2020 
300 |a 1 recurso electrn̤ico 
500 |a Official outcome of the un IGF coalitions on net neutrality and on community connectivity. 
506 1 |a Disponible solo en los productos indicados  |d vLex Global  |d vLex Global (Academic Edition, excluding Law Schools)  |d vLex Global (U.S. Academic Edition, Law Schools)  |d vLex Global (U.S. Academic Edition, excluding Law Schools)  |d vLex Global (Academic Edition, Law Schools) 
650 0 4 |a Derecho de las Nuevas Tecnologa̕s  |z Brasil 
740 0 |a vLex Libros (Servicio en ln̕ea) 
856 4 0 |u https://vlex.com/source/value-internet-openness-times-crisis-32809  |z Acceso restringido 
942 |c BOOK 
999 0 |a New Technologies Law